000 00318nam a22001337a 4500
008 171020b xxu||||| |||| 00| 0 eng d
020 _a025606167-X
041 _aeng
080 _22ND
_a338
100 _a54
101 _aMEN
245 _aMANUFACTURING PLANNING AND CONTROL SYSTEMS
_cVOLLMANN,TH,E
942 _2udc
_cBK
999 _c35182
_d35182